Company Laws for Students. (Record no. 3555)

MARC details
005 - DATE AND TIME OF LATEST TRANSACTION
control field 20250609162107.0
020 ## - INTERNATIONAL STANDARD BOOK NUMBER
International Standard Book Number 10 987654321
082 ## - DEWEY DECIMAL CLASSIFICATION NUMBER
Classification number 344 KEE
100 ## - MAIN ENTRY--PERSONAL NAME
Author name KEEMAN D.
245 ## - TITLE STATEMENT
Title Company Laws for Students.
260 ## - PUBLICATION, DISTRIBUTION, ETC.
Place of publication, distribution, etc. England,
Name of publisher, distributor, etc. Financial Times,
Date of publication, distribution, etc. 1999.
300 ## - PHYSICAL DESCRIPTION
Extent xxiv,511p.;
Other physical details Index,
Dimensions 25cm.
942 ## - ADDED ENTRY ELEMENTS (KOHA)
Source of classification or shelving scheme Dewey Decimal Classification
Koha item type Books
Holdings
Date last seen Total checkouts Full call number Barcode Cost, replacement price Price effective from Koha item type Lost status Source of classification or shelving scheme Damaged status Not for loan Withdrawn status Home library Current library Shelving location Date acquired Cost, normal purchase price
06/09/2025   344 KEE DOM0001786 60000.00 06/09/2025 Books   Dewey Decimal Classification       CBE Dodoma CBE Dodoma General Collection 02/09/2004 20000.00